000 00189nam a2200085Ia 4500
008 170617s9999 xx 000 0 und d
100 _aShotton -E
245 0 _aPhysical Pharmaceutics
260 _bOxford
260 _c2008
999 _c15745
_d15745